000 01870nam2a2200277 4500
001 RU\NLR\BIBL_A\022110574
005 20240126172704.0
010 _a978-5-4448-2179-4
_bт. 2
_91000
021 _aRU
_bКН-П-23-077262
_9КН-П-23-7812
035 _a(NLR Aleph) 022110574
035 _a(RuMoRGB)012414530
090 _a12776067
_c12776067
100 _a20240118d2023 u y0rusy50 ca
101 2 _arus
_cyid
102 _aRU
105 _ay z 000zy
200 1 _aМифы
_f[редактор-составитель: Ю. Орлицкий]
210 _d2023
215 _a757, [1] с.
320 _aБиблиогр. в подстроч. примеч.
327 1 _aСодерж.: Псалмы (1965-1966); Московские мифы (1970-1974); Поэмы; Гротески-95 - Святая рыба; Из стихов разных лет; "Набриски наброски по-русски записки..."; Сингапур: (мини-роман); Бабье лето и несколько мужчин; Рассказы; Заметки; Переводы из Овсея (Шике) Дриза (1908-1971); Сапгир о Дризе
461 0 _1001RU\NLR\BIBL_A\022110411
_12001#$aСобрание сочинений$fГенрих Сапгир$g[редакторы-составители: Д. Давыдов, Ю. Орлицкий]$gруководитель редакционной коллегии: Ю. Б. Орлицкий$vТ. 2
_1700#1$aСапгир$bГ. В.$f1928-1999$gГенрих Вениаминович$3RU\NLR\AUTH\771381
_912775570
_aСапгир, Г.В. (1928-1999)
_cМосква
_d2023
_fГенрих Сапгир
_nНовое литературное обозрение
_tСобрание сочинений
_y9785444821770
_vТ. 2
942 _cBOOK
980 _aNB